书目信息 |
| 书名: | Sociology | |
| 作者: | David M. Newman. | |
| 分册号: | ||
| 分册名: | 出版地: | Thousand Oaks, Calif. : |
|
| 出版社: | Pine Forge Press | |
| 出版时间: | c2002. | |
| 页数: | xxxii, 472 p. : | |
| 开本: | 24 cm. | |
| 丛书名: | ||
| 中图分类号: | ||
| 科图分类号: | ||
| 其他分类号: | C01 | |
| 主题词: | ||
| 电子资源: | ||
| 000 | 00766cam a2200253 a 450 | |
| 001 | E0755149173 | |
| 005 | 20070513153109.71 | |
| 008 | 961017s2002 a b 001 0 eng | |
| 010 | @a96045366 | |
| 020 | @a0-7619-8748-7. | |
| 035 | @A(DLC) 96045366 | |
| 040 | @aDLC@cDLC@dDLC | |
| 050 | 00 | @aHM51@b.N467 1997 |
| 082 | 00 | @a301@2 21 |
| 090 | @aC01 | |
| 099 | @dC01@ex4=4 | |
| 100 | 1 | @aNewman, David M.,@d1958- |
| 245 | 10 | @aSociology :@bexploring the architecture of everyday life / @cDavid M. Newman. |
| 250 | @a4th ed. | |
| 260 | @aThousand Oaks, Calif. :@bPine Forge Press,@cc2002. | |
| 300 | @axxxii, 472 p. :@bill. ;@c24 cm. | |
| 504 | @aIncludes bibliographical references (p. 571-604) and index. | |
| 650 | 0 | @aSociology. |
| 700 | 1 | @aHarper, Douglas A. |
| Sociology : : exploring the architecture of everyday life / / David M. Newman.-4th ed.-Thousand Oaks, Calif. : : Pine Forge Press, , c2002. |
| xxxii, 472 p. : : ill. ; ; 24 cm. |
| Includes bibliographical references (p. 571-604) and index. |
| ISBN 0-7619-8748-7. |
| ● |
| 相关链接 |
|
|
|
|
正题名:Sociology
索取号:C01/x4=4
 
预约/预借
| 序号 | 登录号 | 条形码 | 馆藏地/架位号 | 状态 | 备注 |
| 1 | 0008623 | 300086234 | 第二样本阅览室/ [索取号:C01/x4=4] | 在馆 | |
| 2 | 0008624 | 300086243 | 第四借阅区/ [索取号:C01/x4=4] | 在馆 | |
| 3 | 0008625 | 300086252 | 第四借阅区/ [索取号:C01/x4=4] | 在馆 |